• 首页
  • 本馆介绍
  • 公告通知
  • 最新文献
  • 馆藏检索
  • 电子资源
  • 读者导购
  • 参考咨询
  • 我的图书馆
  • 登录
  • 详细信息显示
  • 放入我的书架
  • 预约/预借图书
  • 作者相关作品
  • 分类相关作品
  • 丛书相关作品
  • 出版社相关作品

书目信息

  • 表格格式
  • 工作单格式
  • 卡片格式
题名:
现代教学媒体开发与应用
    
 
作者: 蔡跃 编著
分册:  
出版信息: 上海   同济大学出版社  2017
页数: 248页
开本: 26cm
丛书名: 教育部财政部职业院校教师素质提高计划成果系列丛书
单 册:
中图分类: G431
科图分类:
主题词: 教学媒体--职业教育--教材
电子资源:
ISBN: 978-7-5608-7126-4
000 01029oam2 2200253 450
001 916
005 20180522102350.54
010    @a978-7-5608-7126-4@dCNY54.00
100    @a20171018d2017 em y0chiy50 ea
101 0  @achi
102    @aCN@b310000
105    @ay z 000yy
200 1  @a现代教学媒体开发与应用@9xian dai jiao xue mei ti kai fa yu ying yong@f蔡跃编著
210    @a上海@c同济大学出版社@d2017
215    @a248页@d26cm
225 1  @a教育部财政部职业院校教师素质提高计划成果系列丛书
300    @a教育部财政部职业院校教师素质提高计划职教师资培养资源开发项目
330    @a本书首先论述了教育技术的概念、多媒体课件的数学设计及多媒体课件的评价,然后介绍了使用Quiz-Creator软件开发交换式测试数学媒体,思维导图Mindjet Mindmanager软件开发思维导图教学媒体及数学应用,文档格式转换与教学应用等。
461  0 @12001 @a教育部财政部职业院校教师素质提高计划成果系列丛书
606 0  @a教学媒体@x职业教育@j教材
690    @aG431@v5
701  0 @a蔡跃@9cai yue@4编著
801  0 @aCN@b91MARC@c20171018
905    @aMuseLib@dG431@e133
    
    现代教学媒体开发与应用/蔡跃编著.-上海:同济大学出版社,2017
    248页;26cm.-(教育部财政部职业院校教师素质提高计划成果系列丛书)
    教育部财政部职业院校教师素质提高计划职教师资培养资源开发项目
    
    ISBN 978-7-5608-7126-4:CNY54.00
    本书首先论述了教育技术的概念、多媒体课件的数学设计及多媒体课件的评价,然后介绍了使用Quiz-Creator软件开发交换式测试数学媒体,思维导图Mindjet Mindmanager软件开发思维导图教学媒体及数学应用,文档格式转换与教学应用等。
●
相关链接 在E读中查询图书 在五车中查询图书 在当当中查询图书 在豆瓣中查询图书


正题名:现代教学媒体开发与应用     索取号:G431/133         预约/预借

序号 登录号 条形码 馆藏地/架位号 状态 备注
1 1103388   211033889   第一样本阅览室/ [索取号:G431/133] 在馆    
2 1103389   211033898   教育系资料室/ [索取号:G431/133] 在馆    
3 1103390   211033905   教育系资料室/ [索取号:G431/133] 在馆    
4 1103391   211033914   教育系资料室/ [索取号:G431/133] 在馆    
5 1103392   211033923   第四借阅区/ [索取号:G431/133] 在馆    
6 1103393   211033932   第四借阅区/ [索取号:G431/133] 在馆    
唐山师范学院图书馆 欢迎您!
大连网信软件有限公司© 版权所有